000
00260 a2200097 4500
001
12995
100
_a
Norris.F
245
_a
Mcteague: Story of san Francisco. Authoritative Text Contexts Criticism
260
_a
_b
W W Norton & Company
_c
090
_c
9998
_d
9998
942
_a
NUST-CAE
_c
M
_c
36930
999
_c
248068
_d
248068